Zákon z 9. februára 2005 o nelegálnej práci a nelegálnom zamestnávaní a o zmene a doplnení niektorých zákonov
Zákon je publikovaný po schválení NR SR ešte pred jeho zverejnením v Zbierke zákonov. Zákon vymedzuje nelegálnu prácu a nelegálne zamestnávanie, ustanovuje zákaz vykonávania nelegálnej práce a nelegálneho zamestnávania, výkon kontroly a postih za porušenie zákazu nelegálnej práce a nelegálneho zames...
Guardado en:
| Formato: | Capítulo de libro |
|---|---|
| Lenguaje: | eslovaco |
| Materias: | |
| Etiquetas: |
Sin Etiquetas, Sea el primero en etiquetar este registro!
|
MARC
| LEADER | 00000naa$a2200000$$$4500 | ||
|---|---|---|---|
| 001 | 0026250 | ||
| 005 | 20231106071315.4 | ||
| 041 | 0 | |a slo | |
| 044 | |a SK | ||
| 245 | 1 | 0 | |a Zákon z 9. februára 2005 o nelegálnej práci a nelegálnom zamestnávaní a o zmene a doplnení niektorých zákonov |
| 520 | |a Zákon je publikovaný po schválení NR SR ešte pred jeho zverejnením v Zbierke zákonov. Zákon vymedzuje nelegálnu prácu a nelegálne zamestnávanie, ustanovuje zákaz vykonávania nelegálnej práce a nelegálneho zamestnávania, výkon kontroly a postih za porušenie zákazu nelegálnej práce a nelegálneho zamestnávania. Za zákonom nasleduje Dôvodová správa k tomuto zákonu. | ||
| 610 | 2 | 0 | |a práca nelegálna |
| 610 | 2 | 0 | |a kontrola |
| 610 | 2 | 0 | |a postih |
| 610 | 2 | 0 | |a zákony |
| 610 | 2 | 0 | |a Slovensko |
| 610 | 2 | 0 | |a 2005 |